000 00544nam a2200169 i 4500
001 115602
003 ES-MaACL
005 20230906190517.0
007 t|
008 070416s1919 it ||||1| ita d
100 1 _aAzeglio, Massimo d'.
_924284
245 1 3 _aLa lega lombarda /
_cMassimo Azeglio Taparelli ; introduzione e note di Marcus De Rubris.
260 _aTorino :
_bUnione tipografico-editrice torinese,
_c1919 (
_fTip. Olivero)
300 _a194 p. ;
_c19 cm.
700 1 _aDe Rubris, Marcus.
_9155777
852 _aES-MaACL
_jF-10053
999 _c115602
_d115602